Estado social de derecho y negociación colectiva en el sector público

সংরক্ষণ করুন:
গ্রন্থ-পঞ্জীর বিবরন
সংস্থা লেখক: Bolaños Céspedes, Fernando
বিন্যাস: পাঠ‍্য
প্রকাশিত: San José: Litografía e Imprenta LIL
বিষয়গুলি:
ট্যাগগুলো: ট্যাগ যুক্ত করুন
কোনো ট্যাগ নেই, প্রথমজন হিসাবে ট্যাগ করুন!

MARC

LEADER 00000 a a2200000 04500
001 28192
003
040
020 |a 9977-47-088  
090 |a 187802  
110 |a Bolaños Céspedes, Fernando  
245 |a Estado social de derecho y negociación colectiva en el sector público  
260 |a San José:   |b Litografía e Imprenta LIL  
300 |a 123 p  
650 |a ESTADO  
650 |a TEORIA SOCIAL  
650 |a COSTA RICA  
999 |c 12557  |d 12557